Statistische Information in Verkehr gesetze neue Motorfahrzeuge im Jahr 1984

Na minha lista:
Detalhes bibliográficos
Formato: Livro
Idioma:alemão
Publicado em: Vaduz Amt für Volkswirtschaft 1984
Tags: Adicionar Tag
Sem tags, seja o primeiro a adicionar uma tag!

MARC

LEADER 00000nam a2200000 4500
001 c106721
005 20251217120212.2
041 0 |a ger 
044 |a LI 
245 1 0 |a Statistische Information  |b in Verkehr gesetze neue Motorfahrzeuge im Jahr 1984 
264 1 |a Vaduz  |b Amt für Volkswirtschaft  |c 1984 
300 |a Nestr.